Exclusions from and inclusions in `developments': implications for `engendering development' (Record no. 80005)

000 -LEADER
fixed length control field 01143pab a2200169 454500
008 - FIXED-LENGTH DATA ELEMENTS--GENERAL INFORMATION
fixed length control field 180718b2008 xxu||||| |||| 00| 0 eng d
100 ## - MAIN ENTRY--PERSONAL NAME
Personal name Swaminathan, Padmini
245 ## - TITLE STATEMENT
Title Exclusions from and inclusions in `developments': implications for `engendering development'
260 ## - PUBLICATION, DISTRIBUTION, ETC.
Date of publication, distribution, etc. 2008
300 ## - PHYSICAL DESCRIPTION
Extent p.48-56.
362 ## - DATES OF PUBLICATION AND/OR SEQUENTIAL DESIGNATION
Dates of publication and/or sequential designation 25 Oct
520 ## - SUMMARY, ETC.
Summary, etc. Using official reports and supplemented with field notes, this paper examines the quantum and na;ture of exclusion from and inclusion in "development". Data reveal that for women, education and employment move in opposite directions, literacy among women workers is lower than literacy among non-working women and development is not closing the gender gap. The bulk of women "included" in development disproportionately constitute the unorganised workers; the latter are those in the unorganised sector plus those working in the formal sector as informal workers. Given such a macro context, the paper is sceptical of the feminist agenda of engendering development. - Reproduced.
650 ## - SUBJECT ADDED ENTRY--TOPICAL TERM
Topical term or geographic name entry element Women and development
773 ## - HOST ITEM ENTRY
Main entry heading Economic and Political Weekly
908 ## - PUT COMMAND PARAMETER (RLIN)
Put command parameter N
909 ## -
-- 80005
Holdings
Withdrawn status Lost status Damaged status Not for loan Permanent Location Current Location Date acquired Serial Enumeration / chronology Barcode Date last seen Price effective from Koha item type
        Indian Institute of Public Administration Indian Institute of Public Administration 2018-07-19 Volume no: 43, Issue no: 43 AR80465 2018-07-19 2018-07-19 Articles

Powered by Koha